Mechanika V : Kmitanie

Gespeichert in:
Bibliographische Detailangaben
1. Verfasser: Binder, Róbert (Verfasst von)
Format: Buch
Sprache:Slowakisch
Veröffentlicht: Bratislava : Alfa, 1969
Tags: Tag hinzufügen
Keine Tags, Fügen Sie das erste Tag hinzu!

MARC

LEADER 00000nam a22000003a 4500
001 stu209857
005 20150617230105.1
008 100819s1969----cs------------------slo-d
040 |a STU  |b slo 
041 0 |a slo 
044 |a cs 
080 |a 531  |7 stu_us_auth*stu7974 
100 1 |a Binder, Róbert  |4 aut 
245 1 |a Mechanika V :  |b Kmitanie 
260 |a Bratislava :  |b Alfa,  |c 1969 
300 |a 235 s 
996 |c V*11997/O-3333  |l VV9  |s P  |a 0  |w stu209857_0001